• 首页
  • 本馆介绍
  • 公告通知
  • 最新文献
  • 馆藏检索
  • 电子资源
  • 读者导购
  • 参考咨询
  • 我的图书馆
  • 登录
  • 详细信息显示
  • 放入我的书架
  • 预约/预借图书
  • 作者相关作品
  • 分类相关作品
  • 丛书相关作品
  • 出版社相关作品

书目信息

  • 表格格式
  • 工作单格式
  • 卡片格式
题名:
电磁场有限单元法
    
 
作者: 曾徐庚 编著
分册:  
出版信息: 北京   科学出版社  1982
页数: 422页
开本: 19cm
丛书名:
单 册:
中图分类: O441.4
科图分类:
主题词: 电磁场-有限元法 , 有限元法-电磁场
电子资源:
ISBN:
000 00650nam0 2200241 45
001 0182005519
005 20060816145613.20
010    @dCNY2.10
091    @aCN@b15031.412
100    @a19950615d1982 emky0chiy0121 ea
101 0  @achi
102    @aCN@b110000
105    @ay z 000yy
200 10 @a电磁场有限单元法@Adian ci chang you xian dan yuan fa@f曾余庚等编著
210    @a北京@c科学出版社@d1982
215    @a422页@d19cm
606    @a电磁场-有限元法
606    @a有限元法-电磁场
690    @aO441.4@v3
701  0 @a曾徐庚@Azeng xu geng@4编著
801  0 @aCN@bTSSF@c20060816
801  2 @aCN@bNLC@c20060812
905    @a10447@dO441.4@e110
    
    电磁场有限单元法/曾余庚等编著.-北京:科学出版社,1982
    422页;19cm
    
    
    ISBN :CNY2.10
    
●
相关链接 在E读中查询图书 在五车中查询图书 在当当中查询图书 在豆瓣中查询图书


正题名:电磁场有限单元法     索取号:O441.4/110         预约/预借

序号 登录号 条形码 馆藏地/架位号 状态 备注
1 0454441   204544412   密集书库/ [索取号:O441.4/110] 在馆    
2 0454442   204544421   密集书库/ [索取号:O441.4/110] 在馆    
3 0461877   204618770   密集书库/ [索取号:O441.4/110] 在馆    
唐山师范学院图书馆 欢迎您!
大连网信软件有限公司© 版权所有